Normal view
MARC view
- الشركات- الاقتصاد الاسلامي
Entry Topical Term
001 - CONTROL NUMBER
- control field: 28108
003 - CONTROL NUMBER IDENTIFIER
- control field: JO-AjAnu
005 - DATE AND TIME OF LATEST TRANSACTION
- control field: 20230606074751.0
008 - FIXED-LENGTH DATA ELEMENTS
- fixed length control field: 230606|| aca||aabn | a|a d
040 ## - CATALOGING SOURCE
- Original cataloging agency: JO-AjAnu
- Transcribing agency: JO-AjAnu
150 ## - HEADING--TOPICAL TERM
- Topical term or geographic name entry element: الشركات- الاقتصاد الاسلامي
670 ## - SOURCE DATA FOUND
- Source citation: Work cat.: (JO-AjAnu)14428: داغي، علي محيي الدين القره, author 28107, اثر ديون ونقود الشركة او المحفظة على حكم تداول الاسهم والصكوك والوحدات الاستثمارية: المشكلة والحلول دراسة فقيهة اقتصادية